000
00269nam a22001217a 4500
008
170905b xxu||||| |||| 00| 0 eng d
041
_a
alb
080
_a
579
100
_a
11
101
_a
MB
245
_a
MIKROBIOLOGJI E PËRGJITHSHME
_c
PLAKOLLI,M
942
_2
udc
_c
BK
999
_c
26115
_d
26115